000 00716nam a22002417a 4500
001 BR2025005269
003 BR-BrBNA
005 20251206235337.0
008 251206b bl.||||| |||| 00| 0 por d
040 _aBR-BrBNA
_bpor
041 _apor
072 _aE40 ; C10 ; E50
090 _aE40 BR2025005269
110 _aCoordenadoria Estadual de Segurança Alimentar e Erradicação da Fome no Estado do Piauí, Teresina (Brasil)
245 _aAssociativismo e cooperativismo ativo
_bPrograma Fome Zero
260 _aTeresina, PI (Brasil)
_c2005
300 _a44 p.
650 _aASSOCIATIVISMO RURAL
650 _aCOOPERATIVISMO
650 _aCAPACITAÇÃO
909 _a202512
_bFernando
942 _cBK
999 _c339370
_d339370